000
00245nam a2200109Ia 4500
008
220204s9999 xx 000 0 und d
082
_a
82-3
_b
MAL
100
_a
Barry N
245
0
_a
Herovit's world
260
_a
London
_b
Arrow
_c
1976
942
_c
BK
999
_c
28819
_d
28819